Regionální politika a rozdíly mezi regiony v Evropské unii

Snaha Európskej únie postupne znižovať rozdiely medzi štátmi a regiónmi EÚ. Päť prioritných cieľov regionálnej politiky EÚ na roky 1994-1999. Hrubý domáci produkt na 1 obyvateľa v krajinách EÚ. Najbohatšie a najchudobnejšie regióny EÚ.

Enregistré dans:
Détails bibliographiques
Auteur principal: Zukal, Jiří
Format: Chapitre de livre
Langue:tchèque
Sujets:
Tags: Ajouter un tag
Pas de tags, Soyez le premier à ajouter un tag!

MARC

LEADER 00000naa a2200000 4500
001 r017040
005 20221205102241.4
041 0 |a cze 
044 |a CZ 
245 1 0 |a Regionální politika a rozdíly mezi regiony v Evropské unii  |c Jiří Zukal 
520 |a Snaha Európskej únie postupne znižovať rozdiely medzi štátmi a regiónmi EÚ. Päť prioritných cieľov regionálnej politiky EÚ na roky 1994-1999. Hrubý domáci produkt na 1 obyvateľa v krajinách EÚ. Najbohatšie a najchudobnejšie regióny EÚ. 
610 2 0 |a politika regionálna 
610 2 0 |a regióny 
610 2 0 |a chudoba 
610 2 0 |a úroveň životná 
610 2 0 |a Európska únia 
610 2 0 |a produkt domáci hrubý 
100 1 |a Zukal, Jiří